Представление документа в формате RUSMARC

ПолеНазваниеЗначение
  Тип записи a
  Библиографический уровень c
001 Контрольный номер RU/IS/BASE/341506118
005 Дата корректировки 20201206204744.3
010 Индекс ISBN __
a ISBN 978-5-367-00603-2
d Цена 357-00
101 Язык документа __
a Язык текста rus
200 Заглавие и сведения об ответственности 1_
a Заглавие Искусство войны
e Сведения, относящиеся к заглавию антология военной мысли
f Первые сведения об ответственности [сост, подгот. текста, предисл. и коммент. Р. В. Светлова]
b Общее обозначение материала Текст
210 Выходные данные __
a Место издания СПб.
c Издательство Амфора
d Дата издания 2009
215 Физическое описание __
a Объем 541, [2] с.
225 Серия __
a Серия Александрийская библиотека
327 Примечание о содержании __
a Примечание о содержании Искусство войны / Р. Светлов
327 Примечание о содержании __
a Примечание о содержании Сунь-цзы
327 Примечание о содержании __
a Примечание о содержании Артхашастра
327 Примечание о содержании __
a Примечание о содержании Краткое изложение военного дела / Флавий Вегеций Ренат
327 Примечание о содержании __
a Примечание о содержании О военном искусстве / Н. Макиавелли
330 Аннотация __
a Аннотация Мы уже давно привыкли считать, что искусство войны означает, прежде всего, огромные людские потери и немыслимые разрушения. Но так ли это? Военное дело куда ближе к искусству игры или, согласно представлениям древних, к искусству любви. Более того, в древности полагали, что именно война является началом жизни и источником рождения, поскольку позволяет обмануть, победить смерть. В антологию вошли замечательные памятники военной мысли, представляющие разные исторические эпохи - от Древнего Востока до Возрождения: знаменитый китайский трактат "Суньцзы", фрагменты древнеиндийской книги "Артхашастра", произведения Вегеция и Макиавелли.
605 Заглавие как предмет __
a Заглавие Сунь-цзы /трактат/
605 Заглавие как предмет __
a Заглавие Артхашастра /книга/
606 Тематические рубрики __
a Основная рубрика Военное дело
606 Тематические рубрики __
a Основная рубрика Военно-историческая наука
y Географическая подрубрика Древняя Греция; Европа; Древняя Индия; Древний Китай
610 Ключевые слова __
a Ключевые слова войны; историческая литература; исторические факты; персоналии; военное дело; военное искусство; Возрождение; история войн; военачальники; полководцы; военная тактика; военная стратегия; трактаты; военные трактаты
686 Индексы других классификаций __
a Классификационный индекс 68.35(0)
702 Вторичная интеллектуальная ответственность __
a Фамилия Светлов
b Имя Р. В.
4 Код отношения Составитель
4 Код отношения 220
4 Код отношения 080
4 Код отношения 210
702 Вторичная интеллектуальная ответственность _1
a Фамилия Вегеций
g Полное личное имя Флавий Ренат
4 Код отношения Автор
4 Код отношения 070
702 Вторичная интеллектуальная ответственность _1
a Фамилия Макиавелли
b Имя Н.
4 Код отношения Автор
4 Код отношения 070
801 Источник записи _0
a Страна RU
b Организация Муниципальное бюджетное учреждение культуры "Централизованная библиотечная система" г. Сургут (Центральная городская библиотека им. А. С. Пушкина)
g Правила каталогизации КиК/Поспелова
801 Источник записи _1
a Страна RU
b Организация Муниципальное бюджетное учреждение культуры "Централизованная библиотечная система" г. Сургут (Центральная городская библиотека им. А. С. Пушкина)
g Правила каталогизации КиК/Поспелова
852 Данные о местонахождении __
j Шифр хранения 68.35(0)
i Авторский знак И 86
901 Тип документа 1_
t Тип документа x
903 Характеристики (МАРС) __
a Дата передачи 20101027
969 Тип издания __
a Тип издания сборник; антология
990 Данные о заказе (DOS) __
j Количество экземпляров (DOS) 3
t N записи в КСУ для И/У (DOS) 201011